zpět

Detail výsledku týmu

Klub Tyjátr, Svitavy

Datum a čas kvízu

22 Celkem bodů Celkový počet nahraných bodů na tomto kvízu bez doplňovacích otázek.
7. Pořadí na kvízu Konečné umístění týmu na tomto kvízu.

Zaznamenané odpovědi

# Otázka Odpověď Body Výsledky
1. První desítky turistů se během... České Švýcarsko 0
2. Firma Mattel minulý týden před... Downův syndrom 1
3. V pondělí byla odtajněna jména... Josef Maršálek, Eva Adamczyková 1
4. V úterý byl uskutečněn první p... z Japonska 1
5. Vstřelit sám čtyři góly do sít... Girona FC 0
6. Pojďme zavzpomínat na filmy a... Zkrocená hora 0
7. Poslední díl seriálu Přátelé b... Kde? 1
8. Tato smutná scéna z Nekonečnéh... Átrej (Atrey, Atreyu) 0
9. Ze kterého stále ještě vysílan... Doctor Who (Pán času) 0
10. Film Želary se do tohoto témat... Květa Legátová (vl. jm. Věra Hofmanová); Joza (Josef) 0